Statistics for Football : Brazilian players record transfers

Click here to take the quiz!

General Stats

  • This quiz has been taken 288 times
  • The average score is 17 of 21

Answer Stats

Season Position Player From To Transfer Fee % Correct
2013-2014FWNeymarSantosFC Barcelona57,1M€
100%
2002-2003FWRonaldoInter MilanReal Madrid45M€
99%
2009-2010MDKakaAC MilanReal Madrid65M€
96%
2010-2011DFDavid LuizBenficaChelsea30M€
95%
2014-2015DFDavid LuizChelseaPSG49,5M€
94%
2012-2013DFThiago SilvaAC MilanPSG42M€
92%
2012-2013FWHulkFC PortoZenit St Petersburg40M€
91%
2003-2004FWRonaldinhoPSGFC Barcelona32,25M€
91%
2008-2009FWRobinhoReal MadridManchester City43M€
89%
2008-2009DFDani AlvesFC SevillaFC Barcelona35,5M€
86%
2013-2014MDFernandinhoShakhtar DonetskManchester City40M€
86%
2013-2014MDWillianAnzhiChelsea35,5M€
83%
2012-2013MDOscarInternacionalChelsea32M€
82%
2012-2013FWLucas MouraSao PauloPSG40M€
79%
2007-2008MDAndersonFC PortoManchester United31,5M€
69%
2013-2014DFMarquinhosAS RomaPSG31,4M€
67%
1998-1999FWDenilsonSao PauloBetis Sevilla31,5M€
54%
2004-2005MDEmersonAS RomaJuventus28M€
38%
1999-2000FWMarcio AmorosoUdineseParma28M€
22%

Score Distribution

Percentile by Number Answered

Percent of People with Each Score

Your Score History

You have not taken this quiz